| 000 | 00407nam a2200181Ia 4500 | ||
|---|---|---|---|
| 003 | GCL | ||
| 008 | 140319s9999 xx 000 0 ara d | ||
| 040 |
_aGCL / _cGCL |
||
| 082 | 0 | 4 |
_a730.92 _bب م |
| 245 | 1 | 0 | _aالمثال مختار |
| 300 | _a250 ص | ||
| 490 | _a | ||
| 650 | 0 | 4 | _aمصر |
| 650 | 0 | 4 | _aالفنانون |
| 650 | 0 | 4 | _aالنحت |
| 650 | 0 | 4 | _aمحمود مختار |
| 942 |
_2ddc _cBK |
||
| 999 |
_c38039 _d38039 |
||